On governing and milking cows: replicating good governance practices from East Asia (Record no. 49144)

000 -LEADER
fixed length control field 01397pab a2200181 454500
008 - FIXED-LENGTH DATA ELEMENTS--GENERAL INFORMATION
fixed length control field 180718b1998 xxu||||| |||| 00| 0 eng d
100 ## - MAIN ENTRY--PERSONAL NAME
Personal name Bhatta, Gambhir
245 ## - TITLE STATEMENT
Title On governing and milking cows: replicating good governance practices from East Asia
260 ## - PUBLICATION, DISTRIBUTION, ETC.
Date of publication, distribution, etc. 1998
300 ## - PHYSICAL DESCRIPTION
Extent p.123-50
362 ## - DATES OF PUBLICATION AND/OR SEQUENTIAL DESIGNATION
Dates of publication and/or sequential designation Dec
520 ## - SUMMARY, ETC.
Summary, etc. Governance - in particular, good governance, and how to sustain it - has occupied the agendas of practically all international donors and has caught the attention of policy makers around the world. The United Nations, for one, has woven this concept into its development assistance programme and, in the latest governance programme to be pushed by the UN Development Programme, much emphasis is laid on learning from good governance practices around the world. In this context, the argument here is that, despite the spate of bad publicity received by the countries of this region of late, the UNDP could still pick up a thing or two in the formulation of its governance assistance programme from country experiences in this region. The most important lesson is that institution building is still the key and transparency is vital for the public sector. - Reproduced
650 ## - SUBJECT ADDED ENTRY--TOPICAL TERM
Topical term or geographic name entry element Public administration - East Asia
650 ## - SUBJECT ADDED ENTRY--TOPICAL TERM
Topical term or geographic name entry element Public administration
700 ## - ADDED ENTRY--PERSONAL NAME
Personal name Gonzalez, Joaquin L.,III
773 ## - HOST ITEM ENTRY
Main entry heading Asian Journal of Public Administration
909 ## -
-- 49144
Holdings
Withdrawn status Lost status Damaged status Not for loan Permanent Location Current Location Date acquired Serial Enumeration / chronology Barcode Date last seen Price effective from Koha item type
        Indian Institute of Public Administration Indian Institute of Public Administration 2018-07-19 Volume no: 20, Issue no: 2 AR49572 2018-07-19 2018-07-19 Articles

Powered by Koha